| 000 | 00472cam a2200145 4500500 | ||
|---|---|---|---|
| 005 | 20260315010146.0 | ||
| 041 | _afre | ||
| 042 | _adc | ||
| 100 | 1 | 0 |
_aPerrin, Sébastien _eauthor |
| 245 | 0 | 0 | _a« Face à l’IA,, je plaide pour une expertise documentaire» |
| 260 | _c2026. | ||
| 500 | _a10 | ||
| 786 | 0 | _nArchimag | 391 | 1 | 2026-02-13 | p. 15-15 | 2260-166X | |
| 856 | 4 | 1 | _uhttps://shs.cairn.info/magazine-archimag-2026-1-page-15?lang=fr&redirect-ssocas=7080 |
| 999 |
_c1701408 _d1701408 |
||